| 000 | 00905nam a22002657a 4500 | ||
|---|---|---|---|
| 999 |
_c23115 _d23115 |
||
| 001 | 4171756 | ||
| 003 | OSt | ||
| 005 | 20210526145135.0 | ||
| 008 | 170220b xxu||||| |||| 00| 0 eng d | ||
| 010 | _a 79012403 | ||
| 020 | _a0870062751 | ||
| 040 |
_aMMU _beng _cMMU _dMMU |
||
| 050 | 0 | 0 |
_aTP492 _b.A43 1979 |
| 082 | 0 | 0 | _a621.5/6 |
| 100 | 1 |
_aAlthouse, Andrew D. _q(Andrew Daniel), _d1895-1980. |
|
| 245 | 1 | 0 |
_aModern refrigeration and air conditioning / _cby Andrew D. Althouse, Carl H. Turnquist, Alfred F. Bracciano. |
| 260 |
_aSouth Holland, Ill. : _bGoodheart-Willcox Co., _cc1979. |
||
| 300 |
_a1012 p. : _bill. ; _c28 cm. |
||
| 500 | _aIncludes index. | ||
| 650 | 0 | _aRefrigeration and refrigerating machinery. | |
| 650 | 0 | _aAir conditioning. | |
| 700 | 1 |
_aTurnquist, Carl H. _q(Carl Harold), _d1910- _ejoint author. |
|
| 700 | 1 |
_aBracciano, Alfred F., _ejoint author. |
|
| 942 |
_2lcc _cLOAN LOAN |
||